书目信息 |
| 题名: |
龙门石窟解读
|
|
| 作者: | 苏健 , 王洁 编著 | |
| 分册: | ||
| 出版信息: | 洛阳 解放军外语音像出版社 2008.09 |
|
| 页数: | 296页 | |
| 开本: | 21cm | |
| 丛书名: | ||
| 单 册: | ||
| 中图分类: | K879.23 | |
| 科图分类: | ||
| 主题词: | 龙门石窟--简介 , 龙门石窟 | |
| 电子资源: | ||
| ISBN: | 978-7-89992-520-1 | |
| 000 | 00885nam0 22002651 450 | |
| 001 | 004187652 | |
| 005 | 20111224142707.87 | |
| 010 | @a978-7-89992-520-1@dCNY32.50 | |
| 096 | @aK928.7@bwj | |
| 100 | @a20090622d2008 em y0chiy50 ea | |
| 101 | 0 | @achi |
| 102 | @aCN@b410000 | |
| 105 | @ay z 000yy | |
| 200 | 1 | @a龙门石窟解读@9long men shi ku jie du@f王洁,苏健编著 |
| 210 | @a洛阳@c解放军外语音像出版社@d2008.09 | |
| 215 | @a296页@d21cm | |
| 300 | @a世界文化遗产 | |
| 330 | @a本书从主要洞窟造像,到山水林泉风光;从主要碑刻题记,到现存寺院园林;从龙门石窟与丝绸之路的关系,到石窟佛教知识等共分八篇,具有科学性、知识性使更多的人了解龙门石窟的内涵、价值。 | |
| 606 | 0 | @a龙门石窟@x简介 |
| 606 | 0 | @a龙门石窟 |
| 690 | @aK879.23@v4 | |
| 701 | 0 | @a苏健@9su jian@f(1939~)@4编著 |
| 701 | 0 | @a王洁@9wang jie@c(女)@4编著 |
| 801 | 0 | @c20111224 |
| 905 | @aZUCC@dK879.23@eW231@f2 | |
| 龙门石窟解读/王洁,苏健编著.-洛阳:解放军外语音像出版社,2008.09 |
| 296页;21cm |
| 世界文化遗产 |
| ISBN 978-7-89992-520-1:CNY32.50 |
| 本书从主要洞窟造像,到山水林泉风光;从主要碑刻题记,到现存寺院园林;从龙门石窟与丝绸之路的关系,到石窟佛教知识等共分八篇,具有科学性、知识性使更多的人了解龙门石窟的内涵、价值。 |
| ● |
| 相关链接 |
|
|
|
正题名:龙门石窟解读
索取号:K879.23/W231
 
预约/预借
| 序号 | 登录号 | 条形码 | 馆藏地/架位号 | 状态 | 备注 |
| 1 | 1066120 | 210661201 | 社科库309/309社科库 9排3列5层/ [索取号:K879.23/W231] | 在馆 | |
| 2 | 1066121 | 210661210 | 社科库309/309社科库 9排3列5层/ [索取号:K879.23/W231] | 在馆 |